00374pab a2200133 454500008004000000100002500040245006200065260000900127300001600136362001000152650002300162650002100185773003400206180718b2006 xxu||||| |||| 00| 0 eng d aSharma, Rajesh Kumar aFDI in higher education: official vision needs correction c2006 ap.5036-037. a9 Dec aForeign investment aHigher education aEconomic and Political Weekly